শিল্প ও আমার জীবন / (Record no. 2590)

MARC details
000 -LEADER
fixed length control field 01154nam a22002417a 4500
003 - CONTROL NUMBER IDENTIFIER
control field BD-DhJNU
005 - DATE AND TIME OF LATEST TRANSACTION
control field 20260202045426.0
008 - FIXED-LENGTH DATA ELEMENTS--GENERAL INFORMATION
fixed length control field 260129b |||||||| |||| 00| 0 eng d
020 ## - INTERNATIONAL STANDARD BOOK NUMBER
International Standard Book Number 8187624663
040 ## - CATALOGING SOURCE
Original cataloging agency BD-DhJNU
Language of cataloging ENG
Transcribing agency BD-DhJNU
Modifying agency BD-DhJNU
082 ## - DEWEY DECIMAL CLASSIFICATION NUMBER
Edition number 23
Classification number 780.92 STS
100 ## - MAIN ENTRY--PERSONAL NAME
Personal name স্তানিস্লাভস্কি, কনস্তানতিন
242 ## - TRANSLATION OF TITLE BY CATALOGING AGENCY
Title Art and My Life /
Remainder of title Konstantin Stanislavski ; Translated by Vidyut Goswami
245 ## - TITLE STATEMENT
Title শিল্প ও আমার জীবন /
Statement of responsibility, etc. কনস্তানতিন স্তানিস্লাভস্কি ; বিদ্যুৎ গোস্বামী কর্তৃক অনূদিত
246 ## - VARYING FORM OF TITLE
Title proper/short title Shilp o amar jibon
250 ## - EDITION STATEMENT
Edition statement 3rd ed
260 ## - PUBLICATION, DISTRIBUTION, ETC.
Place of publication, distribution, etc. কলকাতা :
Name of publisher, distributor, etc. নাট্যচিন্তা,
Date of publication, distribution, etc. 2020.
300 ## - PHYSICAL DESCRIPTION
Extent ২৫৩ পৃ. :
Other physical details চিত্র ;
Dimensions ২২ সেমি.।
650 ## - SUBJECT ADDED ENTRY--TOPICAL TERM
Topical term or geographic name entry element কনস্তানতিন স্তানিস্লাভস্কি জীবন
650 ## - SUBJECT ADDED ENTRY--TOPICAL TERM
Topical term or geographic name entry element জীবনী
700 ## - ADDED ENTRY--PERSONAL NAME
Personal name গোস্বামী, বিদ্যুৎ
Relator term অনুবাদক
942 ## - ADDED ENTRY ELEMENTS (KOHA)
Source of classification or shelving scheme Dewey Decimal Classification
Koha item type Books
Suppress in OPAC No
Holdings
Withdrawn status Lost status Source of classification or shelving scheme Damaged status Not for loan Collection Home library Current library Shelving location Date acquired Source of acquisition Total checkouts Full call number Barcode Date last seen Copy number Price effective from Koha item type
    Dewey Decimal Classification     Non-fiction Jagannath University Central Library Jagannath University Central Library General stacks 01/29/2026 Purchased   780.92 STS JNUCL36161 01/29/2026 1 01/29/2026 Books
    Dewey Decimal Classification     Non-fiction Jagannath University Central Library Jagannath University Central Library General stacks 02/18/2026 Purchased   780.92 STS JNUCL36160 02/18/2026 2 02/18/2026 Books